Elenca la formazione - Quiz n°308 - Statistics

Statistiche generali
  • Questo quiz è stato fatto 44 volte
  • Il punteggio medio è 10 su 11
Statistiche sulle risposte
Ruolo Club dell'epoca Calciatore % Corretto
Ala Barcellona Andrés Iniesta
100%
Difensore Barcellona Carles Puyol
100%
Portiere Real Madrid Iker Casillas
100%
Difensore Real Madrid Sergio Ramos
100%
Trequartista Barcellona Xavi
100%
Difensore Barcellona Gerard Piqué
98%
Centrocampista Barcellona Sergio Busquets
95%
Attaccante Valencia David Villa
93%
Centrocampista Real Madrid Xabi Alonso
88%
Ala Barcellona Pedro
86%
Difensore Villarreal Joan Capdevila
57%
Nessun quiz corrispondente trovato
Distribuzione punteggi
Percentuale di utenti per punteggio
Percentile per numero di risposta
I tuoi punteggi nel tempo
Non hai fatto questo quiz